Význam medzilaboratórnych porovnávacích skúšok pre zlepšenie kvality odberu vôd

Poskytovanie programov skúšok spôsobilosti (PSS) a jednotlivých medzilaboratórnych porovnávacích skúšok (MPS) s cieľom dosiahnuť maximálnu spokojnosť účastníkov MPS – zákazníkov Národného referenčného laboratória pre oblasť vôd na Slovensku (NRL). Reakreditácia organizátora PSS (NRL) Slovenskou náro...

Ausführliche Beschreibung

Gespeichert in:
Bibliographische Detailangaben
1. Verfasser: Kassai, Angelika
Format: Buchkapitel
Sprache:Slowakisch
Schlagworte:
Tags: Tag hinzufügen
Keine Tags, Fügen Sie das erste Tag hinzu!

MARC

LEADER 00000naa a2200000 4500
001 0274721
005 20210604204557.4
041 0 |a slo 
044 |a SK 
245 1 0 |a Význam medzilaboratórnych porovnávacích skúšok pre zlepšenie kvality odberu vôd  |c Angelika Kassai 
520 |a Poskytovanie programov skúšok spôsobilosti (PSS) a jednotlivých medzilaboratórnych porovnávacích skúšok (MPS) s cieľom dosiahnuť maximálnu spokojnosť účastníkov MPS – zákazníkov Národného referenčného laboratória pre oblasť vôd na Slovensku (NRL). Reakreditácia organizátora PSS (NRL) Slovenskou národnou akreditačnou službou koncom roka 2018. Preukázanie plnenia požiadaviek organizátora v rámci normy STN EN ISO/IEC 17 043 (Posudzovanie zhody – Všeobecné požiadavky na medzilaboratórne skúšky) s Osvedčením o akreditácii č. T-005 a Osvedčením o akreditácii č. S-100 v súlade s normou STN EN ISO/IEC 17 025 (Všeobecné požiadavky na kompetentnosť skúšobných a kalibračných laboratórií). Praktická a teoretická časť MPS. 
610 2 0 |a vodohospodárstvo 
610 2 0 |a vodárenstvo 
610 2 0 |a voda pitná 
610 2 0 |a voda odpadová 
610 2 0 |a znečistenie vôd 
610 2 0 |a kvalita vody 
610 2 0 |a kontrola technická 
100 1 |a Kassai, Angelika